000 00584cam a22002053a 4500
001 42863
003 PGUSA
005 20140828083955.0
008 130602s2013||||xxu|||||s|||||000 | eng d
040 _aPGUSA
_beng
042 _adc
100 1 _aLinscott, Herbert B.
_cMrs
245 1 0 _aBright Ideas for Entertaining
_h[electronic resource] /
_cHerbert B. Linscott
260 _bProject Gutenberg,
_c2013
506 _aPublic domain in the USA.
516 _aElectronic text
830 0 _aProject Gutenberg
_v42863
856 4 0 _uhttp://www.gutenberg.org/ebooks/42863
942 _cEB
999 _c272115
_d272115